Kaj Franck. (Record no. 10970)

MARC details
000 -CABECERA
campo de control de longitud fija 01586nam a22003977a 4500
001 - NÚMERO DE CONTROL
campo de control BRCA_9348
003 - IDENTIFICADOR DEL NÚMERO DE CONTROL
campo de control FranzMayer
005 - FECHA Y HORA DE LA ÚLTIMA TRANSACCIÓN
campo de control 20230918121502.0
008 - DATOS DE LONGITUD FIJA--INFORMACIÓN GENERAL
campo de control de longitud fija 230825b |||||||| |||| 00| 0 eng d
020 ## - NÚMERO INTERNACIONAL ESTÁNDAR DEL LIBRO
Número Internacional Estándar del Libro 9519663177
040 ## - FUENTE DE LA CATALOGACIÓN
Centro catalogador/agencia de origen MFM
Lengua de catalogación español
Centro/agencia transcriptor MFM
050 #0 - SIGNATURA TOPOGRÁFICA DE LA BIBLIOTECA DEL CONGRESO
Número de clasificación NK1530.F37
Número de documento/Ítem H45 1997
110 1# - ENTRADA PRINCIPAL--NOMBRE DE ENTIDAD CORPORATIVA
Código de función/relación Responsable
Nombre de entidad corporativa o nombre de jurisdicción como elemento de entrada Heinolan Kaupunginmuseon julkaisuja
9 (RLIN) 29256
240 ## - TÍTULO UNIFORME
Título uniforme Kaj Franck.
Medio Teema ja muunnelmia. Theme and variations
Lenguaje de la obra Fines/inglés
245 0# - MENCIÓN DE TÍTULO
Título Kaj Franck.
Resto del título Teema ja muunnelmia. Theme and variations
260 ## - PUBLICACIÓN, DISTRIBUCIÓN, ETC.
Lugar de publicación, distribución, etc. Helsinki, Finlandia
Nombre del editor, distribuidor, etc. Heinolan Kaupunginmuseon julkaisuja
Fecha de publicación, distribución, etc. 1997
300 ## - DESCRIPCIÓN FÍSICA
Extensión 173 p
Otras características físicas Ilustraciones a color
Dimensiones 23 cm
500 ## - NOTA GENERAL
Nota general Anexo 1
505 ## - NOTA DE CONTENIDO CON FORMATO
Nota de contenido con formato Texto en: fines e inglésIncluye índice temáticoDirigido a: artistas y diseñadores
650 1# - PUNTO DE ACCESO ADICIONAL DE MATERIA--TÉRMINO DE MATERIA
Fuente del encabezamiento o término Artes decorativas
Término de materia o nombre geográfico como elemento de entrada Decoración y ornamentación
Subdivisión de forma Diseño
9 (RLIN) 29257
651 2# - PUNTO DE ACCESO ADICIONAL DE MATERIA--NOMBRE GEOGRÁFICO
Fuente del encabezamiento o término Diseño europeo
Nombre geográfico Diseño fines
Subdivisión de forma Kaj Franck (1911-1989)
9 (RLIN) 29258
700 1# - PUNTO DE ACCESO ADICIONAL--NOMBRE DE PERSONA
Código de función/relación Escritor
Nombre de persona Hortling, Airi
9 (RLIN) 29259
700 1# - PUNTO DE ACCESO ADICIONAL--NOMBRE DE PERSONA
Código de función/relación Escritor
Nombre de persona Koivisto, Kaisa
9 (RLIN) 29260
700 1# - PUNTO DE ACCESO ADICIONAL--NOMBRE DE PERSONA
Código de función/relación Escritor
Nombre de persona Kokki, Kari-Paavo
9 (RLIN) 29261
700 1# - PUNTO DE ACCESO ADICIONAL--NOMBRE DE PERSONA
Código de función/relación Escritor
Nombre de persona Kumela, Marjut
9 (RLIN) 29262
700 1# - PUNTO DE ACCESO ADICIONAL--NOMBRE DE PERSONA
Código de función/relación Escritor
Nombre de persona Imperiali, Arja Luukela
9 (RLIN) 29263
700 1# - PUNTO DE ACCESO ADICIONAL--NOMBRE DE PERSONA
Código de función/relación Escritor
Nombre de persona Pauloff, Marjatta
9 (RLIN) 29264
700 1# - PUNTO DE ACCESO ADICIONAL--NOMBRE DE PERSONA
Código de función/relación Escritor
Nombre de persona Periänen, Tapio
9 (RLIN) 29265
700 1# - PUNTO DE ACCESO ADICIONAL--NOMBRE DE PERSONA
Código de función/relación Escritor
Nombre de persona Rásänen, Liisa
9 (RLIN) 29266
700 1# - PUNTO DE ACCESO ADICIONAL--NOMBRE DE PERSONA
Código de función/relación Escritor
Nombre de persona Ytterborn, Stefan
9 (RLIN) 29267
700 1# - PUNTO DE ACCESO ADICIONAL--NOMBRE DE PERSONA
Código de función/relación Trad.
Nombre de persona Arnold, John
9 (RLIN) 29268
700 1# - PUNTO DE ACCESO ADICIONAL--NOMBRE DE PERSONA
Código de función/relación Edit.
Nombre de persona Juuti, Sirpa
9 (RLIN) 29269
700 1# - PUNTO DE ACCESO ADICIONAL--NOMBRE DE PERSONA
Código de función/relación Edit.
Nombre de persona Koivisto, Kaisa
9 (RLIN) 29260
700 1# - PUNTO DE ACCESO ADICIONAL--NOMBRE DE PERSONA
Código de función/relación Edit.
Nombre de persona Tarna, Tauno
9 (RLIN) 29270
942 ## - ELEMENTOS DE PUNTO DE ACCESO ADICIONAL (KOHA)
Fuente del sistema de clasificación o colocación Library of Congress Classification
Tipo de ítem Koha Libros
Holdings
Estado de retiro Estado de pérdida Fuente del sistema de clasificación o colocación Estado dañado No para préstamo Código de colección Localización permanente Ubicación/localización actual Fecha de adquisición Total de préstamos Signatura topográfica completa Código de barras Fecha visto por última vez Precio válido a partir de Tipo de ítem Koha
El ejemplar forma parte de la colección y puede ser consultado según las políticas vigentes.   Library of Congress Classification     Fondo Contemporáneo Biblioteca del Museo Franz Mayer (Rogerio Casas-Alatriste) Biblioteca del Museo Franz Mayer (Rogerio Casas-Alatriste) 25/08/2023   NK1530.F37 H45 1997 CONT10104 25/08/2023 25/08/2023 Libros